[Event "IV Cam. España Selecciones Autonomicas"]
[Site "Villava - Navarra"]
[Date "2009.04.30"]
[Round "1.2"]
[White "Argandona Riveiro, Inigo"]
[Black "Narciso Dublan, Marc"]
[Result "1-0"]
[WhiteElo "2371"]
[BlackElo "2534"]
[PlyCount "82"]
[EventDate "2009.04.30"]
[EventRounds "6"]
[EventCountry "ESP"]
[SourceDate "2009.04.30"]
[WhiteTeam "Euskadi"]
[BlackTeam "Cataluña"]

1. Nf3 g6 2. c4 Bg7 3. Nc3 d6 4. d4 Nf6 5. e4 O-O 6. Be3 Nc6 7. Be2 Ng4 8. Bg5
h6 9. Bh4 Nf6 10. d5 Nb4 11. a3 Na6 12. Nd2 e6 13. O-O c6 14. Rc1 Qe8 15. b4
Nc7 16. Bg3 e5 17. Nb3 Qe7 18. Na5 cxd5 19. cxd5 h5 20. f4 Ng4 21. Bxg4 Bxg4
22. Qe1 exf4 23. Bxf4 Ne8 24. h3 Bd7 25. Nxb7 Rc8 26. Na5 Qf6 27. Ne2 Rxc1 28.
Qxc1 Bb5 29. Re1 Qb2 30. Nc6 a6 31. Qxb2 Bxb2 32. Bc1 Bxc1 33. Nxc1 Nf6 34. Na2
Kg7 35. Nd4 Bd3 36. Nc3 Re8 37. Re3 Bxe4 38. a4 Re5 39. Nc6 Re8 40. b5 axb5 41.
axb5 Bxd5 1-0

[Event "IV Cam. España Selecciones Autonomicas"]
[Site "Villava - Navarra"]
[Date "2009.04.30"]
[Round "1.3"]
[White "Oms Pallisse, Josep"]
[Black "Alonso Arburu, Juan Ignacio"]
[Result "0-1"]
[WhiteElo "2522"]
[BlackElo "2348"]
[PlyCount "124"]
[EventDate "2009.04.30"]
[EventRounds "6"]
[EventCountry "ESP"]
[SourceDate "2009.04.30"]
[WhiteTeam "Cataluña"]
[BlackTeam "Euskadi"]

1. Nf3 b6 2. d4 Bb7 3. Bg5 Nf6 4. Bxf6 gxf6 5. Nbd2 e6 6. e3 c5 7. Bd3 Qc7 8.
c3 Nc6 9. Qe2 cxd4 10. exd4 Ne7 11. g3 Ng6 12. O-O-O O-O-O 13. Kb1 Kb8 14. h4
h6 15. Be4 Bc8 16. Rhe1 d6 17. h5 Ne7 18. Nh4 f5 19. Bh1 Rg8 20. Qf3 d5 21. Ng2
Ba6 22. Nf4 Rg4 23. Qe3 Nc8 24. Bf3 Rg5 25. Be2 Bxe2 26. Qxe2 Nd6 27. Rc1 Rc8
28. Rc2 Nc4 29. Nxc4 Qxc4 30. Qe5+ Qc7 31. Qe2 Bd6 32. Nd3 Rg4 33. b3 Qe7 34.
Rh1 Qg5 35. Kb2 Kb7 36. a4 Re4 37. Qd1 f4 38. gxf4 Bxf4 39. Rg1 Qf6 40. a5 Bd6
41. Re2 bxa5 42. Rge1 Qf5 43. Re3 Rc7 44. Qa1 Kb6 45. Qa4 Rxe3 46. Rxe3 a6 47.
c4 Qf6 48. cxd5 exd5 49. Kb1 Qf5 50. Kb2 Qg4 51. Nc5 Qd1 52. Rc3 Qd2+ 53. Rc2
Qb4 54. Qa1 Bxc5 55. dxc5+ Rxc5 56. Rxc5 Qxc5 57. Qe1 Qd4+ 58. Ka2 a4 59. b4
Kb5 60. Qe8+ Kxb4 61. Qf8+ Kc3 62. Qxh6 Qxf2+ 0-1

[Event "IV Cam. España Selecciones Autonomicas"]
[Site "Villava - Navarra"]
[Date "2009.04.30"]
[Round "1.6"]
[White "Munoz Perez, Miriam"]
[Black "Llaneza Vega, Patricia"]
[Result "0-1"]
[WhiteElo "2065"]
[BlackElo "2229"]
[PlyCount "90"]
[EventDate "2009.04.30"]
[EventRounds "6"]
[EventCountry "ESP"]
[SourceDate "2009.04.30"]
[WhiteTeam "Euskadi"]
[BlackTeam "Cataluña"]

1. e4 c5 2. Nf3 Nc6 3. d4 cxd4 4. Nxd4 Nf6 5. Nc3 d6 6. Be2 e5 7. Nf3 h6 8. O-O
Be6 9. Re1 Be7 10. Bb5 O-O 11. h3 Nb8 12. Qe2 Nbd7 13. Be3 Nb6 14. a4 Qc7 15.
Nd2 Rfc8 16. a5 Nbd7 17. f4 exf4 18. Bxf4 Ne5 19. Ba4 Qc5+ 20. Be3 Qb4 21. Qb5
Qxb5 22. Nxb5 a6 23. Nd4 Bd7 24. Bxd7 Nfxd7 25. Nf5 Bf8 26. Nd4 g6 27. b3 Bg7
28. Ra4 Nc5 29. Rb4 Ncd3 30. cxd3 Nxd3 31. Rxb7 Nxe1 32. Nc4 Nd3 33. Nxd6 Rd8
34. Rb6 Be5 35. Nxf7 Bxd4 36. Nxh6+ Kf8 37. Bxd4 Rxd4 38. Rxg6 Rad8 39. Rg8+
Ke7 40. Nf5+ Kf6 41. Rg3 Nf4 42. Rf3 Ke5 43. Ng3 Rd3 44. Rxd3 Nxd3 45. Kf1 Rf8+
0-1

[Event "IV Cam. España Selecciones Autonomicas"]
[Site "Villava - Navarra"]
[Date "2009.04.30"]
[Round "1.2"]
[White "Pena Gomez, Manuel"]
[Black "Bolado Saez, Sergio"]
[Result "1/2-1/2"]
[WhiteElo "2456"]
[BlackElo "2328"]
[PlyCount "54"]
[EventDate "2009.04.30"]
[EventRounds "6"]
[EventCountry "ESP"]
[SourceDate "2009.04.30"]
[WhiteTeam "Galicia"]
[BlackTeam "Cantabria"]

1. c4 e5 2. Nc3 Nc6 3. g3 f5 4. Bg2 Nf6 5. e3 d5 6. Nxd5 Nxd5 7. cxd5 Nb4 8. d3
Nxd5 9. Nf3 Bd6 10. O-O Nf6 11. Qb3 Qe7 12. e4 fxe4 13. dxe4 c6 14. Nh4 Be6 15.
Qc2 O-O 16. Bg5 Qf7 17. Be3 Bxa2 18. Nf5 Bc7 19. Bh6 Qc4 20. Qxc4+ Bxc4 21.
Bxg7 Rf7 22. Rfc1 Be6 23. Bxf6 Rxf6 24. Ne7+ Kf8 25. Nd5 Bxd5 26. exd5 Bb6 27.
dxc6 Bxf2+ 1/2-1/2

[Event "IV Cam. España Selecciones Autonomicas"]
[Site "Villava - Navarra"]
[Date "2009.04.30"]
[Round "1.3"]
[White "Martin Fuentes, Alberto"]
[Black "Suarez Pousa, Diego"]
[Result "0-1"]
[WhiteElo "2244"]
[BlackElo "2431"]
[PlyCount "64"]
[EventDate "2009.04.30"]
[EventRounds "6"]
[EventCountry "ESP"]
[SourceDate "2009.04.30"]
[WhiteTeam "Cantabria"]
[BlackTeam "Galicia"]

1. e4 e5 2. Nf3 Nc6 3. d4 exd4 4. Bc4 Bc5 5. Ng5 Nh6 6. Bxf7+ Nxf7 7. Nxf7 Kxf7
8. Qh5+ g6 9. Qxc5 d5 10. e5 Re8 11. O-O Rxe5 12. Bf4 Qe7 13. Qb5 a6 14. Qb3
Rf5 15. Bg3 h5 16. h4 g5 17. hxg5 Qxg5 18. Bxc7 h4 19. f4 Qe7 20. Be5 Be6 21.
Nd2 Rg8 22. Rae1 Ke8 23. Qd3 h3 24. Rf2 Qh4 25. Nf3 h2+ 26. Nxh2 Rh5 27. Kf1
Nxe5 28. Qxd4 Qxh2 29. Rxe5 Rxe5 30. Qxe5 Kd7 31. c4 Qh1+ 32. Ke2 Rxg2 0-1

[Event "IV Cam. España Selecciones Autonomicas"]
[Site "Villava - Navarra"]
[Date "2009.04.30"]
[Round "1.4"]
[White "Garcia Castro, Pablo"]
[Black "Perez Lopez, Jesus Maria"]
[Result "1-0"]
[WhiteElo "2373"]
[BlackElo "2263"]
[PlyCount "63"]
[EventDate "2009.04.30"]
[EventRounds "6"]
[EventCountry "ESP"]
[SourceDate "2009.04.30"]
[WhiteTeam "Galicia"]
[BlackTeam "Cantabria"]

1. e4 e6 2. b3 d5 3. Bb2 dxe4 4. Nc3 Nf6 5. Qe2 Bb4 6. O-O-O Qe7 7. Kb1 Ba3 8.
Ba1 a5 9. Nxe4 Nbd7 10. Nf3 a4 11. Ne5 axb3 12. axb3 O-O 13. Nxd7 Nxd7 14. g4
Nc5 15. g5 Nxe4 16. Qxe4 Qxg5 17. Bd3 g6 18. Rdg1 Qa5 19. Bc3 Qd5 20. Qh4 e5
21. f4 Bd6 22. f5 Kg7 23. Be4 Qc5 24. Rg3 Be7 25. Qh5 Ra6 26. Rhg1 Rh8 27. fxg6
hxg6 28. Bxe5+ Qxe5 29. Qxe5+ Bf6 30. Rxg6+ fxg6 31. Rxg6+ Kf7 32. Qxc7+ 1-0

[Event "IV Cam. España Selecciones Autonomicas"]
[Site "Villava - Navarra"]
[Date "2009.04.30"]
[Round "1.5"]
[White "Ceballos Hornero, Daniel"]
[Black "Rodriguez Lopez, Rafael"]
[Result "1/2-1/2"]
[WhiteElo "2209"]
[BlackElo "2299"]
[PlyCount "97"]
[EventDate "2009.04.30"]
[EventRounds "6"]
[EventCountry "ESP"]
[SourceDate "2009.04.30"]
[WhiteTeam "Cantabria"]
[BlackTeam "Galicia"]

1. c4 Nf6 2. Nc3 d5 3. cxd5 Nxd5 4. g3 Nxc3 5. bxc3 g6 6. Bg2 Bg7 7. Qb3 Nd7 8.
Nf3 O-O 9. O-O e5 10. d3 h6 11. Nd2 Rb8 12. a4 b6 13. a5 Bb7 14. Bxb7 Rxb7 15.
axb6 axb6 16. Bb2 Nc5 17. Qc4 Re8 18. Ne4 Nxe4 19. Qxe4 Rb8 20. Ra7 Qd7 21.
Rfa1 b5 22. R1a6 Bf8 23. Qc6 Qxc6 24. Rxc6 Bd6 25. Ba3 Bxa3 26. Rxa3 Rb7 27.
Ra5 e4 28. Rc5 exd3 29. exd3 Rd8 30. Rcxb5 Rxb5 31. Rxb5 Rxd3 32. Rc5 Rd7 33.
Kg2 Re7 34. Kf3 f5 35. h4 Rf7 36. Kf4 Kg7 37. Rc6 Re7 38. f3 Rf7 39. Ke5 Re7+
40. Re6 Rd7 41. h5 gxh5 42. f4 Rd3 43. Rc6 Rxg3 44. Kxf5 h4 45. Rxc7+ Kg8 46.
Rc6 Kg7 47. Rc7+ Kg8 48. Rc8+ Kg7 49. Rc7+ 1/2-1/2

[Event "IV Cam. España Selecciones Autonomicas"]
[Site "Villava - Navarra"]
[Date "2009.04.30"]
[Round "1.6"]
[White "Lopez Grana, Carmen"]
[Black "Iglesias Gascon, Albanta"]
[Result "1/2-1/2"]
[WhiteElo "1751"]
[BlackElo "1993"]
[PlyCount "40"]
[EventDate "2009.04.30"]
[EventRounds "6"]
[EventCountry "ESP"]
[SourceDate "2009.04.30"]
[WhiteTeam "Galicia"]
[BlackTeam "Cantabria"]

1. d4 d5 2. Nf3 Nf6 3. Bg5 e6 4. Nbd2 Be7 5. Bxf6 Bxf6 6. e4 Nd7 7. c3 c5 8.
Bd3 O-O 9. Rc1 e5 10. O-O cxd4 11. cxd4 exd4 12. Bb1 g6 13. exd5 Nb6 14. Ne4
Bg7 15. d6 Bf5 16. Nxd4 Bxe4 17. Bxe4 Qxd6 18. Nf3 Qe7 19. Re1 Rfd8 20. Qb3 Qd7
1/2-1/2

[Event "IV Cam. España Selecciones Autonomicas"]
[Site "Villava - Navarra"]
[Date "2009.04.30"]
[Round "1.2"]
[White "Massanet Massanet, Sebastian"]
[Black "Moreno Ruiz, Javier"]
[Result "1/2-1/2"]
[WhiteElo "2279"]
[BlackElo "2441"]
[PlyCount "108"]
[EventDate "2009.04.30"]
[EventRounds "6"]
[EventCountry "ESP"]
[SourceDate "2009.04.30"]
[WhiteTeam "Baleares"]
[BlackTeam "Madrid"]

1. d4 Nf6 2. Nf3 e6 3. g3 b5 4. Qd3 a6 5. e4 Bb7 6. e5 Nd5 7. Bg2 c5 8. O-O Nc6
9. Re1 Qc7 10. dxc5 Bxc5 11. c3 Nde7 12. Nbd2 Ng6 13. Nb3 Ba7 14. Qd6 Rc8 15.
Qxc7 Rxc7 16. Be3 Bxe3 17. Rxe3 Ke7 18. h4 f6 19. exf6+ gxf6 20. h5 Nge5 21.
Nxe5 Nxe5 22. Bxb7 Rxb7 23. Nc5 Ra7 24. a4 b4 25. cxb4 Rb8 26. Re4 d6 27. f4
dxc5 28. fxe5 Rxb4 29. exf6+ Kxf6 30. Re2 Rg7 31. Rf1+ Ke7 32. Rfe1 Rb6 33. a5
Rd6 34. Kf2 Rg5 35. Rh1 Kf6 36. Rh4 Rd4 37. Rh1 Rd3 38. Rhe1 Rd6 39. Rh1 h6 40.
Rh4 Rd4 41. Rh1 c4 42. Rhe1 e5 43. Rh1 e4 44. Rh4 Ke5 45. Kg2 Kd5 46. Rf4 Ke5
47. Rh4 Rf5 48. Rg4 Rxh5 49. Rg6 Rd3 50. Rxa6 Rg5 51. Rxh6 Rdxg3+ 52. Kf2 Rf3+
53. Ke1 e3 54. Reh2 Ke4 1/2-1/2

[Event "IV Cam. España Selecciones Autonomicas"]
[Site "Villava - Navarra"]
[Date "2009.04.30"]
[Round "1.5"]
[White "Arribas Lopez, Angel"]
[Black "Grau Carreras, Monica"]
[Result "1-0"]
[WhiteElo "2379"]
[BlackElo "2063"]
[PlyCount "53"]
[EventDate "2009.04.30"]
[EventRounds "6"]
[EventCountry "ESP"]
[SourceDate "2009.04.30"]
[WhiteTeam "Madrid"]
[BlackTeam "Baleares"]

1. e4 c5 2. Nf3 Nc6 3. d4 cxd4 4. Nxd4 g6 5. c4 Bg7 6. Be3 Nf6 7. Nc3 O-O 8.
Be2 b6 9. O-O Bb7 10. Nxc6 Bxc6 11. f3 Qb8 12. Qd2 Rd8 13. Rfd1 d6 14. Bf1 Rd7
15. b4 Qe8 16. a4 e6 17. Bd4 Qe7 18. a5 Rb8 19. axb6 axb6 20. b5 Bb7 21. Qe3
Bc8 22. Bxb6 Nh5 23. Bd4 f5 24. Bxg7 Nxg7 25. e5 Bb7 26. exd6 Rxd6 27. c5 1-0

[Event "IV Cam. España Selecciones Autonomicas"]
[Site "Villava - Navarra"]
[Date "2009.04.30"]
[Round "1.6"]
[White "Bujosa Ribas, Joan"]
[Black "Pascual Palomo, Lucia"]
[Result "0-1"]
[WhiteElo "2019"]
[BlackElo "2162"]
[PlyCount "90"]
[EventDate "2009.04.30"]
[EventRounds "6"]
[EventCountry "ESP"]
[SourceDate "2009.04.30"]
[WhiteTeam "Baleares"]
[BlackTeam "Madrid"]

1. e4 e6 2. d4 d5 3. e5 c5 4. c3 Nc6 5. Nf3 Bd7 6. Be2 cxd4 7. cxd4 Nh6 8. O-O
Nf5 9. Nc3 Rc8 10. Bg5 Qb6 11. Na4 Qa5 12. Rc1 b5 13. Nc3 a6 14. g4 Nfe7 15. a3
Ng6 16. h4 Be7 17. Bxe7 Ngxe7 18. h5 h6 19. Qd2 Qb6 20. Qf4 Na5 21. Nb1 Qb8 22.
Rxc8+ Bxc8 23. Rc1 Bd7 24. Bd3 f6 25. Qe3 Nc4 26. Qe2 fxe5 27. Nxe5 Nxe5 28.
dxe5 Rf8 29. Nd2 Qb6 30. Nf3 Rf4 31. Nh4 Qd4 32. Ng6 Rxg4+ 33. Kf1 Nxg6 34.
Bxg6+ Ke7 35. Rc3 Qf4 36. Qf3 Qxf3 37. Rxf3 Be8 38. Bxe8 Kxe8 39. Rc3 Rc4 40.
Rg3 Kf7 41. Rf3+ Kg8 42. Rc3 Rxc3 43. bxc3 g6 44. hxg6 Kg7 45. Kg2 Kxg6 0-1

[Event "IV Cam. España Selecciones Autonomicas"]
[Site "Villava - Navarra"]
[Date "2009.04.30"]
[Round "1.5"]
[White "Santos Latasa, Jaime"]
[Black "Jimenez Almeida, Luis David"]
[Result "1-0"]
[WhiteElo "2155"]
[BlackElo "1790"]
[PlyCount "63"]
[EventDate "2009.04.30"]
[EventRounds "6"]
[EventCountry "ESP"]
[SourceDate "2009.04.30"]

1. Nf3 Nf6 2. c4 e6 3. Nc3 d5 4. d4 Bb4 5. cxd5 Nxd5 6. Bd2 Nd7 7. e4 N5b6 8.
a3 Bxc3 9. Bxc3 Nf6 10. Bd3 Bd7 11. b3 Bc6 12. Qe2 O-O 13. Ne5 Nbd7 14. Nxc6
bxc6 15. b4 Re8 16. f4 a5 17. O-O a4 18. Bb2 Nb6 19. Rac1 Kh8 20. Rxc6 Rg8 21.
Kh1 Nfd7 22. f5 exf5 23. Rxf5 f6 24. e5 Nd5 25. Rc1 g6 26. Rff1 f5 27. g3 Re8
28. Qf3 Ra7 29. Qxd5 Qe7 30. e6 Nf6 31. Qe5 Kg8 32. d5 1-0

[Event "IV Cam. España Selecciones Autonomicas"]
[Site "Villava - Navarra"]
[Date "2009.04.30"]
[Round "1.6"]
[White "Sevilla Subiza, Marina"]
[Black "Fidalgo Fernandez, Lucia"]
[Result "0-1"]
[WhiteElo "1790"]
[BlackElo "2102"]
[PlyCount "72"]
[EventDate "2009.04.30"]
[EventRounds "6"]
[EventCountry "ESP"]
[SourceDate "2009.04.30"]

1. d4 d5 2. c4 e6 3. Nc3 Nf6 4. Bg5 Nbd7 5. cxd5 exd5 6. Nf3 c6 7. e3 Be7 8.
Bd3 O-O 9. O-O Re8 10. Qc2 Nf8 11. e4 dxe4 12. Bxe4 Nxe4 13. Nxe4 Bxg5 14.
Nexg5 h6 15. Ne4 Bf5 16. Rfe1 Qd5 17. Ne5 Bxe4 18. Qxe4 Qxe4 19. Rxe4 f6 20.
Rae1 fxe5 21. dxe5 Rad8 22. R4e2 Ne6 23. Kf1 Nf4 24. Re3 Rd2 25. g3 Nd3 26.
R1e2 Rxe2 27. Kxe2 Nxb2 28. f4 Nc4 29. Rd3 Kf7 30. Kf3 Rxe5 31. fxe5 Nxe5+ 32.
Ke4 Nxd3 33. Kxd3 Kf6 34. Ke4 Ke6 35. Kd4 b6 36. Ke4 c5 0-1

[Event "IV Cam. España Selecciones Autonomicas"]
[Site "Villava - Navarra"]
[Date "2009.04.30"]
[Round "1.2"]
[White "Javaloy Guerrero, Manuel"]
[Black "De La Villa Garcia, Jesus Maria"]
[Result "0-1"]
[WhiteElo "1825"]
[BlackElo "2476"]
[PlyCount "78"]
[EventDate "2009.04.30"]
[EventRounds "6"]
[EventCountry "ESP"]
[SourceDate "2009.04.30"]

1. e4 c5 2. Nf3 d6 3. d4 cxd4 4. Nxd4 Nf6 5. Nc3 Nc6 6. Bg5 Bd7 7. Be2 e6 8.
Ndb5 Qb8 9. O-O a6 10. Nd4 Be7 11. Qd2 b5 12. a3 Qc7 13. Rad1 Rd8 14. Kh1 O-O
15. Bf3 Ne5 16. Be2 Nc4 17. Bxc4 Qxc4 18. Qd3 Rc8 19. f4 h6 20. Bh4 Qxd3 21.
Rxd3 Bd8 22. h3 Nxe4 23. Bxd8 Nxc3 24. Be7 Rfe8 25. Bxd6 Ne4 26. Bb4 Bc6 27.
Nxc6 Rxc6 28. c3 f5 29. Kg1 g5 30. Rfd1 gxf4 31. Rd7 Nf6 32. R1d6 Rec8 33. Rd8+
Rxd8 34. Rxc6 Ne4 35. Kf1 Rd1+ 36. Ke2 Rd2+ 37. Ke1 Rxg2 38. Rxe6 f3 39. Kf1
Ng3+ 0-1

[Event "IV Cam. España Selecciones Autonomicas"]
[Site "Villava - Navarra"]
[Date "2009.04.30"]
[Round "1.4"]
[White "Alsina López, Adolfo"]
[Black "Burguete Archel, Eduardo"]
[Result "0-1"]
[WhiteElo "1658"]
[BlackElo "2209"]
[PlyCount "58"]
[EventDate "2009.04.30"]
[EventRounds "6"]
[EventCountry "ESP"]
[SourceDate "2009.04.30"]

1. d4 Nf6 2. c4 c5 3. Nf3 cxd4 4. Nxd4 Nc6 5. Nc3 e6 6. g3 Qb6 7. Nf3 Bc5 8. e3
O-O 9. Bg2 Bb4 10. Bd2 Be7 11. Qc2 d5 12. cxd5 Nb4 13. Qb1 Qa6 14. Bf1 Qd6 15.
Bg2 Qa6 16. Bf1 Qd6 17. Bg2 b6 18. O-O Ba6 19. dxe6 fxe6 20. Nd4 Rad8 21. Rd1
Bd3 22. Qc1 e5 23. Ndb5 Qc5 24. a4 Nc2 25. Rb1 a6 26. Bf1 Nb4 27. Na3 Ng4 28.
Be1 Bxf1 29. Kxf1 Nxe3+ 0-1

[Event "IV Cam. España Selecciones Autonomicas"]
[Site "Villava - Navarra"]
[Date "2009.04.30"]
[Round "1.5"]
[White "Zamarbide Iñarrea, Daniel"]
[Black "Cruz Abdou, Juan Miguel"]
[Result "1-0"]
[WhiteElo "2150"]
[BlackElo "1705"]
[PlyCount "67"]
[EventDate "2009.04.30"]
[EventRounds "6"]
[EventCountry "ESP"]
[SourceDate "2009.04.30"]

1. e4 c5 2. Nf3 d6 3. d4 cxd4 4. Qxd4 Nc6 5. Bb5 Bd7 6. Bxc6 Bxc6 7. Nc3 e6 8.
Bg5 Nf6 9. O-O-O Be7 10. Kb1 O-O 11. Rhe1 Qb6 12. Qd2 Rfd8 13. Nd4 Rab8 14. f4
Qc7 15. f5 e5 16. Bxf6 Bxf6 17. Nf3 Rd7 18. g4 g6 19. g5 Bg7 20. f6 Bf8 21. Nd5
Bxd5 22. Qxd5 Rbd8 23. Re2 Qc6 24. c3 Qxd5 25. Rxd5 h6 26. h4 Rc7 27. Nxe5 Rc5
28. Nd3 Rcc8 29. Kc2 Re8 30. b3 Re6 31. Nb2 Rce8 32. Kd3 Re5 33. Nc4 Rxd5+ 34.
exd5 1-0

[Event "IV Cam. España Selecciones Autonomicas"]
[Site "Villava - Navarra"]
[Date "2009.04.30"]
[Round "1.3"]
[White "Cortes Bueno, Jesus Javier"]
[Black "Garcia Avila, Jose Francisco"]
[Result "1-0"]
[WhiteElo "2245"]
[BlackElo "1850"]
[PlyCount "43"]
[EventDate "2009.04.30"]
[EventRounds "6"]
[EventCountry "ESP"]
[SourceDate "2009.04.30"]

1. e4 c5 2. Nf3 Nc6 3. d4 cxd4 4. Nxd4 Nf6 5. Nc3 a6 6. Nxc6 bxc6 7. e5 Ng8 8.
Bc4 e6 9. O-O Ne7 10. Ne4 Ng6 11. f4 Be7 12. Be3 O-O 13. Qh5 f5 14. exf6 Bxf6
15. f5 Ne5 16. Bb3 d5 17. Nxf6+ Rxf6 18. Bg5 Qb6+ 19. Kh1 Rf7 20. Rae1 g6 21.
Qe2 Nc4 22. fxe6 1-0

[Event "IV Cam. España Selecciones Autonomicas"]
[Site "Villava - Navarra"]
[Date "2009.04.30"]
[Round "1.1"]
[White "Huerga Leache, Mikel"]
[Black "Diaz Sanchez, Jose Francisco"]
[Result "1-0"]
[WhiteElo "2451"]
[BlackElo "1951"]
[PlyCount "141"]
[EventDate "2009.04.30"]
[EventRounds "6"]
[EventCountry "ESP"]
[SourceDate "2009.04.30"]

1. e4 c5 2. Nf3 e6 3. d4 cxd4 4. Nxd4 Nf6 5. Nc3 Nc6 6. Ndb5 d6 7. Bf4 e5 8.
Bg5 a6 9. Na3 b5 10. Nd5 Be7 11. Bxf6 Bxf6 12. c4 b4 13. Nc2 Rb8 14. Qd3 Bg5
15. Rd1 O-O 16. Be2 a5 17. O-O Be6 18. b3 Kh8 19. h3 f5 20. Nde3 f4 21. Nf5
Bxf5 22. exf5 Be7 23. Qe4 Qc7 24. Bd3 Bf6 25. g4 fxg3 26. fxg3 Qa7+ 27. Kg2 Nd4
28. g4 Qb7 29. Kg3 Qxe4 30. Bxe4 Nxc2 31. Bxc2 Rfd8 32. Rd5 Ra8 33. Rfd1 h6 34.
Rxd6 Rxd6 35. Rxd6 Kg8 36. Kf3 Kf8 37. Ke4 Ke7 38. Kd5 Ra7 39. c5 Rc7 40. Bd3
Rd7 41. Bb5 Rxd6+ 42. cxd6+ Kd8 43. Bc6 Kc8 44. Kc4 Kb8 45. Kc5 Kc8 46. Kd5 Kd8
47. Ke6 Kc8 48. Bd5 Kd8 49. Bb7 Ke8 50. Bc6+ Kd8 51. Kd5 Kc8 52. Kc5 Kb8 53.
Kb6 Bg5 54. Kb5 Bd8 55. Bd5 Kc8 56. Kc6 Bf6 57. Be6+ Kd8 58. Kb5 e4 59. Kxa5
Bc3 60. Kb5 e3 61. Bc4 Kd7 62. Kc5 Bd2 63. Bb5+ Kd8 64. Kd4 Bc1 65. Kd3 Bd2 66.
Ke2 Kc8 67. h4 Kd8 68. g5 hxg5 69. hxg5 Bc1 70. f6 gxf6 71. g6 1-0

[Event "IV Cam. España Selecciones Autonomicas"]
[Site "Villava - Navarra"]
[Date "2009.04.30"]
[Round "1.6"]
[White "Garcia Reguera, Maria del Pilar"]
[Black "Iza Abete, Amaia"]
[Result "0-1"]
[WhiteElo "1396"]
[BlackElo "1990"]
[PlyCount "82"]
[EventDate "2009.04.30"]
[EventRounds "6"]
[EventCountry "ESP"]
[SourceDate "2009.04.30"]

1. e4 e5 2. Nf3 Nc6 3. Bc4 Nf6 4. Nc3 Nxe4 5. d4 Nxc3 6. bxc3 d5 7. Bb5 e4 8.
Ne5 Qf6 9. O-O Bd7 10. Nxd7 Kxd7 11. f3 e3 12. Bxe3 Bd6 13. c4 Rae8 14. Qd2
dxc4 15. c3 Qe6 16. Rfe1 Qd5 17. Bxc6+ Qxc6 18. Bf4 Qd5 19. Bxd6 Qxd6 20. Rab1
Qd5 21. Qf4 Kc6 22. Re5 Rxe5 23. Qxe5 Qxe5 24. dxe5 Rd8 25. Re1 Rd3 26. e6 fxe6
27. Rxe6+ Kd7 28. Re4 Rxc3 29. Kf2 b5 30. g4 Rc2+ 31. Re2 Rxe2+ 32. Kxe2 Kd6
33. Kd2 Ke5 34. h3 b4 35. g5 a5 36. h4 a4 37. Kc2 Kd4 38. h5 b3+ 39. axb3 axb3+
40. Kb1 Kd3 41. Kc1 c3 0-1

[Event "IV Cam. España Selecciones Autonomicas"]
[Site "Villava - Navarra"]
[Date "2009.04.30"]
[Round "1.1"]
[White "Lorente Penalba, Diego"]
[Black "Llorente Zaro, Alfonso"]
[Result "0-1"]
[WhiteElo "2129"]
[BlackElo "2434"]
[PlyCount "84"]
[EventDate "2009.04.30"]
[EventRounds "6"]
[EventCountry "ESP"]
[SourceDate "2009.04.30"]

1. e4 b6 2. d4 Bb7 3. Bd3 e6 4. Qe2 Nf6 5. Nf3 d5 6. e5 Ne4 7. Nbd2 Nxd2 8.
Bxd2 Be7 9. h4 h6 10. h5 c5 11. c3 Qc8 12. Rc1 Ba6 13. c4 Qd7 14. dxc5 bxc5 15.
O-O Nc6 16. Rfe1 Rd8 17. cxd5 Bxd3 18. Qxd3 Qxd5 19. Qc4 Qxc4 20. Rxc4 Rd5 21.
Bc3 O-O 22. Ra4 Rc8 23. Nd2 Rc7 24. Nc4 Nd4 25. Re4 Nb5 26. Ba5 Rd1+ 27. Re1
Rcd7 28. Ne3 R1d4 29. Nc4 Rh4 30. b3 Rxh5 31. Bd2 Rh4 32. Be3 Nd4 33. Ra6 Nc2
34. Rc1 Nxe3 35. Nxe3 Re4 36. Nc4 Bg5 37. Rf1 Bf4 38. Rc6 Bxe5 39. Nxe5 Rxe5
40. Rc1 Rd2 41. R6xc5 Ree2 42. Rf1 Rxa2 0-1

[Event "IV Cam. España Selecciones Autonomicas"]
[Site "Villava - Navarra"]
[Date "2009.04.30"]
[Round "1.3"]
[White "Serrano Larumbe, Alejandro"]
[Black "Garza Marco, Sergio"]
[Result "0-1"]
[WhiteElo "2016"]
[BlackElo "2417"]
[PlyCount "100"]
[EventDate "2009.04.30"]
[EventRounds "6"]
[EventCountry "ESP"]
[SourceDate "2009.04.30"]

1. e4 g6 2. d4 Bg7 3. Be3 d6 4. Bd3 c5 5. c3 Qc7 6. Ne2 Nf6 7. f3 O-O 8. Qd2 e5
9. d5 Na6 10. Na3 Qe7 11. Bxa6 bxa6 12. O-O Qc7 13. Rac1 Nd7 14. Ng3 Rb8 15.
Rf2 a5 16. Bh6 Rxb2 17. Qxb2 Bxh6 18. Rd1 Ba6 19. c4 Rb8 20. Nb5 Bxb5 21. cxb5
a6 22. a4 axb5 23. axb5 Qb6 24. Kf1 Qxb5+ 25. Qxb5 Rxb5 26. Ra2 Nb6 27. Rda1 a4
28. Ne2 Rb3 29. Ra3 Bd2 30. R3a2 Be3 31. Ke1 c4 32. Rc2 Bc5 33. Kd1 a3 34. Raa2
Kf8 35. Nc3 Ke7 36. g3 Bb4 37. Nb5 Rxf3 38. Ke2 Rb3 39. Na7 Bc5 40. Nc6+ Kd7
41. Na5 Rb5 42. Nxc4 Nxc4 43. Rxc4 Rb2+ 44. Rc2 Bd4 45. Kf3 Rxa2 46. Rxa2 Bb2
47. g4 Kc7 48. Ke3 Kb6 49. Kd3 Kc5 50. g5 Kb4 0-1

[Event "IV Cam. España Selecciones Autonomicas"]
[Site "Villava - Navarra"]
[Date "2009.04.30"]
[Round "1.2"]
[White "Barón Rodriguez, Jesus"]
[Black "Saenz Narciso, Miguel Ángel"]
[Result "1-0"]
[WhiteElo "2428"]
[BlackElo "2093"]
[PlyCount "87"]
[EventDate "2009.04.30"]
[EventRounds "6"]
[EventCountry "ESP"]
[SourceDate "2009.04.30"]

1. e4 c5 2. Nc3 g6 3. f4 Bg7 4. Nf3 e6 5. d4 cxd4 6. Nxd4 Ne7 7. Be3 O-O 8. Qd2
d5 9. e5 Nbc6 10. Bd3 Nf5 11. Bxf5 exf5 12. O-O Be6 13. Rad1 Rc8 14. Rf2 Na5
15. b3 a6 16. Na4 Bd7 17. Nb2 Nc6 18. Nxc6 Bxc6 19. Qb4 Qh4 20. Bd4 Rfd8 21. a4
Bf8 22. Qb6 Re8 23. Nd3 Qd8 24. Qxd8 Rexd8 25. Rfd2 b5 26. a5 Bb7 27. c3 Rd7
28. b4 Rdc7 29. Bc5 Bxc5+ 30. Nxc5 Rxc5 31. bxc5 Rxc5 32. Rc1 f6 33. exf6 Kf7
34. Kf2 Kxf6 35. Rd4 h6 36. Ke3 Rc7 37. Kd2 g5 38. Re1 gxf4 39. Rxf4 d4 40.
cxd4 Bxg2 41. Re5 Bh3 42. Rh4 Bg4 43. h3 Kg5 44. Rxg4+ 1-0

[Event "IV Campeonato de España de Selecciones"]
[Site "?"]
[Date "2009.04.30"]
[Round "1.1"]
[White "Gonzalez Menendez, Ivan"]
[Black "Sesma Rubia, Patxi"]
[Result "1-0"]
[WhiteElo "2413"]
[BlackElo "2080"]
[PlyCount "83"]
[EventDate "2009.??.??"]
[SourceDate "2009.04.30"]

1. e4 e5 2. Nf3 Nc6 3. Bb5 a6 4. Ba4 Nf6 5. O-O b5 6. Bb3 Bc5 7. a4 Rb8 8. c3
d6 9. d4 Bb6 10. Na3 O-O 11. axb5 axb5 12. Nxb5 Bg4 13. Bc2 Nd7 14. d5 Ne7 15.
c4 f5 16. h3 fxe4 17. Bxe4 Bxf3 18. Bxf3 Nf5 19. Bg4 Ng3 20. Re1 Bxf2+ 21. Kh2
Bxe1 22. Be6+ Kh8 23. Qxe1 Nf1+ 24. Kg1 c6 25. Nxd6 Qb6+ 26. Kh1 Ng3+ 27. Kh2
Nf1+ 28. Kh1 Nc5 29. Ra3 Nxe6 30. dxe6 Rf6 31. c5 Qc7 32. Bg5 Rxe6 33. Qxf1 h6
34. Qf5 Qd7 35. Bxh6 Rxd6 36. Bxg7+ Kg8 37. Qxe5 Rd1+ 38. Kh2 Re8 39. Qh5 Kxg7
40. Rg3+ Kf6 41. Rg6+ Ke7 42. Qh4+ 1-0